Statistics for Pieces of logos

Click here to take the quiz!

General Stats

  • This quiz has been taken 229 times
  • The average score is 12 of 15

Answer Stats

Answer% Correct
Instagram
97%
Netflix
96%
Starbucks
96%
CocaCola
95%
Adidas
92%
Walmart
92%
Firefox
91%
PayPal
87%
Skype
85%
Tesla
82%
Nestlè
79%
Heineken
65%
Bmw
63%
Hp
33%
Spacex
20%

Score Distribution

Percentile by Number Answered

Percent of People with Each Score

Your Score History

You have not taken this quiz